[Event "Mauricie op U2000"]
[Site "Trois-Rivieres CAN"]
[Date "1999.03.21"]
[Round "4"]
[White "Lacroix, Serge"]
[Black "Trottier, Yves"]
[Result "0-1"]
[WhiteElo "2023"]
[BlackElo "1833"]
[PlyCount "83"]
[GameId "2160767911805383"]
[EventDate "1999.03.19"]
[EventType "swiss"]
[EventRounds "5"]
[EventCountry "CAN"]
[SourceTitle "Lacroix"]

1. e4 e5 2. Nf3 Nf6 3. Nxe5 d6 4. Nf3 Nxe4 5. d4 d5 6. Bd3 Nc6 7. O-O Be7 8. Re1 Bg4 9. Bxe4 dxe4 10. Rxe4 f5 11. Re1 Bxf3 12. Qxf3 Qxd4 13. Nc3 O-O 14. Bf4 Bd6 15. Bxd6 Qxd6 16. Rad1 Rae8 17. Qd5+ Qxd5 18. Nxd5 Rxe1+ 19. Rxe1 Rd8 20. c4 Kf7 21. Nxc7 Rd2 22. Rb1 Rc2 23. Nb5 Ke6 24. Kf1 Rxc4 25. Nc3 Rd4 26. Re1+ Kd7 27. Re2 a6 28. g3 Ne7 29. Ke1 Nd5 30. Nd1 f4 31. a3 g5 32. Re5 h6 33. Rf5 Ke7 34. h4 Ke6 35. g4 Ne7 36. Ra5 Nc6 37. Rc5 Ne5 38. Ke2 f3+ 39. Ke3 Rxd1 40. hxg5 hxg5 41. Rc7 Re1+ 42. Kd4 0-1

[Event "Mauricie op U2000"]
[Site "Trois-Rivieres CAN"]
[Date "1999.03.21"]
[Round "4"]
[White "Lalonde, Jean-Louis"]
[Black "Gauthier, Denis"]
[Result "1-0"]
[WhiteElo "1848"]
[BlackElo "1941"]
[PlyCount "63"]
[GameId "2160767911805384"]
[EventDate "1999.03.19"]
[EventType "swiss"]
[EventRounds "5"]
[EventCountry "CAN"]

1. d4 Nf6 2. Nf3 e6 3. e3 b6 4. c4 Bb4+ 5. Bd2 a5 6. a3 Bxd2+ 7. Nbxd2 Bb7 8. Bd3 d6 9. e4 Nbd7 10. O-O e5 11. b4 O-O 12. Qc2 Qe7 13. c5 bxc5 14. bxc5 dxc5 15. d5 Nb6 16. Rfc1 Nfd7 17. Bb5 f5 18. Bxd7 Nxd7 19. d6 Qe6 20. Ng5 Qg6 21. Qb3+ Kh8 22. Qxb7 Qxg5 23. Nf3 Qf4 24. dxc7 fxe4 25. Rc4 Nf6 26. Rd1 Qf5 27. Qxa8 Rxa8 28. Rd8+ Ng8 29. Rxa8 exf3 30. gxf3 Qxf3 31. Rxg8+ Kxg8 32. c8=Q+ 1-0

[Event "Mauricie op U2000"]
[Site "Trois-Rivieres CAN"]
[Date "1999.03.21"]
[Round "5"]
[White "Trottier, Julie"]
[Black "Lalonde, Jean-Louis"]
[Result "1-0"]
[WhiteElo "1884"]
[BlackElo "1848"]
[PlyCount "139"]
[GameId "2160767911805385"]
[EventDate "1999.03.19"]
[EventType "swiss"]
[EventRounds "5"]
[EventCountry "CAN"]

1. d4 d5 2. Nf3 e6 3. Bf4 Nf6 4. e3 c5 5. c3 Nc6 6. Nbd2 Be7 7. h3 Bd7 8. Bd3 O-O 9. Ne5 Nxe5 10. dxe5 Ne8 11. Qh5 f5 12. g4 g6 13. Qh6 Rf7 14. gxf5 Bf8 15. Qg5 Qxg5 16. Bxg5 exf5 17. Nf3 Nc7 18. h4 h6 19. Bf4 Ne6 20. Rg1 Nxf4 21. exf4 Rg7 22. h5 gxh5 23. Rxg7+ Kxg7 24. Nh4 Be7 25. Nxf5+ Bxf5 26. Bxf5 Rf8 27. Be6 Rxf4 28. Bxd5 Rf5 29. Bxb7 Rxe5+ 30. Kf1 Bg5 31. Rd1 Kf6 32. Bc8 Kf7 33. Rd7+ Re7 34. Rd5 Rc7 35. Ba6 Bc1 36. b3 h4 37. Be2 Ke6 38. c4 Bf4 39. Bg4+ Kf6 40. Rf5+ Kg6 41. Rxf4 Kg5 42. Re4 a5 43. Bh3 a4 44. f4+ Kf6 45. Re6+ Kg7 46. Rd6 axb3 47. axb3 Kf8 48. Rxh6 Rb7 49. Rh8+ Kg7 50. Rxh4 Rxb3 51. Be6 Kf6 52. Rh6+ Kg7 53. Rh3 Rb2 54. Rd3 Rh2 55. Rg3+ Kf6 56. f5 Ke5 57. Rg2 Rh3 58. Rf2 Kf6 59. Rd2 Rc3 60. Kf2 Kg5 61. Ke2 Kf4 62. f6 Re3+ 63. Kf1 Ra3 64. f7 Ra1+ 65. Kg2 Ra8 66. f8=Q+ Rxf8 67. Rf2+ Ke5 68. Rxf8 Kxe6 69. Rc8 Kd6 70. Kf3 1-0

[Event "Max Euwe"]
[Site "Charlesbourg CAN"]
[Date "1999.08.09"]
[Round "3"]
[White "Lessard, Claude"]
[Black "Beaudoin, Stephane"]
[Result "1-0"]
[WhiteElo "1955"]
[BlackElo "1951"]
[PlyCount "67"]
[GameId "2160767911742973"]
[EventDate "1999.07.12"]
[EventType "swiss"]
[EventRounds "5"]
[EventCountry "CAN"]
[SourceTitle "Echec+ 1999.11"]

1. d4 Nf6 2. c4 e6 3. Nc3 Bb4 4. Bg5 h6 5. Bh4 g5 6. Bg3 Ne4 7. Qc2 Bxc3+ 8. bxc3 Nxg3 9. fxg3 f5 10. e3 d6 11. Bd3 Qf6 12. Nf3 O-O 13. O-O Qg7 14. Nd2 Nd7 15. Rf2 Nf6 16. h3 Bd7 17. Raf1 Nh5 18. Kh2 Kh8 19. Qd1 Nf6 20. e4 fxe4 21. Nxe4 Nxe4 22. Bxe4 Bc6 23. Bxc6 bxc6 24. Qh5 Kg8 25. Rxf8+ Rxf8 26. Rxf8+ Kxf8 27. Qf3+ Qf7 28. Qxc6 Kg7 29. c5 dxc5 30. Qxc5 Qd7 31. Qxa7 Qd6 32. Qa5 Kf6 33. Qa8 e5 34. Qh8+ 1-0

[Event "McAdam mem"]
[Site "Victoria CAN"]
[Date "1999.01.23"]
[Round "1"]
[White "Stockhausen, Peter"]
[Black "Kostadinov, George"]
[Result "1-0"]
[WhiteElo "1700"]
[BlackElo "2250"]
[PlyCount "61"]
[GameId "2160767911805713"]
[EventDate "1999.01.23"]
[EventType "swiss"]
[EventRounds "5"]
[EventCountry "CAN"]

1. e4 c5 2. c3 d6 3. d4 Nd7 4. Nf3 e6 5. Bc4 Qc7 6. Qe2 a6 7. a4 g6 8. O-O Bg7 9. Rd1 Ngf6 10. e5 dxe5 11. dxe5 Ng4 12. Bf4 O-O 13. Re1 Nb6 14. Nbd2 Bd7 15. h3 Nh6 16. b4 Nxa4 17. Ne4 Nf5 18. b5 axb5 19. Bxb5 Bxb5 20. Qxb5 Ra5 21. Qb3 c4 22. Qb4 Rfa8 23. Nd6 Nxd6 24. exd6 Qc6 25. Be5 Bf8 26. Nd4 Qc5 27. Rxa4 b6 28. Qxc5 bxc5 29. Rxa5 Rxa5 30. Nc6 Ra6 31. d7 1-0

[Event "McAdam mem"]
[Site "Victoria CAN"]
[Date "1999.01.24"]
[Round "5"]
[White "Stockhausen, Peter"]
[Black "Martinson, Rick"]
[Result "1-0"]
[WhiteElo "1700"]
[BlackElo "1600"]
[PlyCount "51"]
[GameId "2160767911805714"]
[EventDate "1999.01.23"]
[EventType "swiss"]
[EventRounds "5"]
[EventCountry "CAN"]

1. e4 c5 2. d4 cxd4 3. c3 d3 4. Bxd3 Nc6 5. Nf3 d6 6. O-O g6 7. Bg5 Bg7 8. Qd2 Bg4 9. Qe3 a6 10. Nbd2 h6 11. Bh4 Nf6 12. h3 Be6 13. Rad1 Nd7 14. Bg3 Bxa2 15. Bc4 Bxc4 16. Nxc4 b5 17. Nxd6+ exd6 18. Rxd6 Na5 19. Rd5 Qe7 20. Bd6 Nc4 21. Bxe7 Nxe3 22. fxe3 Kxe7 23. Rfd1 Rhd8 24. Nd4 Nb6 25. Nc6+ Ke8 26. Rxd8+ 1-0

[Event "Medicine Hat op"]
[Site "Medicine Hat CAN"]
[Date "1999.09.18"]
[Round "1"]
[White "Ottosen, David"]
[Black "Dean, Tim"]
[Result "1-0"]
[WhiteElo "2190"]
[BlackElo "1960"]
[PlyCount "73"]
[GameId "2160767911742126"]
[EventDate "1999.09.18"]
[EventType "swiss"]
[EventRounds "5"]
[EventCountry "CAN"]

1. e4 e5 2. Nf3 Nc6 3. Bb5 Nf6 4. O-O Nxe4 5. d4 Be7 6. dxe5 O-O 7. Bd3 d5 8. h3 Nc5 9. Be2 Bf5 10. c3 f6 11. exf6 Bxf6 12. Be3 Qd6 13. Nbd2 Kh8 14. Nb3 b6 15. Nbd4 Nxd4 16. Nxd4 Bg6 17. Nb5 Qd7 18. Nd4 c6 19. a4 Bd8 20. Bg4 Qd6 21. b4 Nd3 22. Ne6 Bc7 23. Nxc7 Qxc7 24. Qd2 Ne5 25. Be2 Nc4 26. Bxc4 dxc4 27. a5 b5 28. Qd4 Rad8 29. Qxa7 Qc8 30. Rfd1 Bd3 31. Qb6 Rde8 32. a6 Qa8 33. Bc5 Rf7 34. Re1 Rxe1+ 35. Rxe1 h6 36. a7 Bf5 37. Qb8+ 1-0

[Event "Medicine Hat op"]
[Site "Medicine Hat CAN"]
[Date "1999.09.18"]
[Round "2"]
[White "Gomboc, Dave"]
[Black "Ottosen, David"]
[Result "1/2-1/2"]
[WhiteElo "2010"]
[BlackElo "2190"]
[PlyCount "69"]
[GameId "2160767911742127"]
[EventDate "1999.09.18"]
[EventType "swiss"]
[EventRounds "5"]
[EventCountry "CAN"]

1. d4 Nf6 2. c4 c5 3. d5 g6 4. Nc3 Bg7 5. e4 d6 6. f4 O-O 7. Nf3 e6 8. Be2 exd5 9. cxd5 Re8 10. e5 Nh5 11. O-O dxe5 12. fxe5 Bxe5 13. Nxe5 Rxe5 14. Bxh5 Rxh5 15. Ne4 Bf5 16. g4 Bxe4 17. gxh5 Bxd5 18. hxg6 hxg6 19. Qg4 Be6 20. Qg5 Qxg5+ 21. Bxg5 Nd7 22. b3 Kg7 23. Rfe1 Re8 24. Rad1 Nf8 25. Rd6 Nh7 26. Be3 Rc8 27. Red1 Nf6 28. Rd8 Rc6 29. Rb8 Nd5 30. Kf2 b5 31. Rxd5 Bxd5 32. Rxb5 Ra6 33. a4 Rb6 34. Rxc5 Bxb3 35. Bd4+ 1/2-1/2

[Event "Medicine Hat op"]
[Site "Medicine Hat CAN"]
[Date "1999.09.18"]
[Round "3"]
[White "Ottosen, David"]
[Black "Pivovarov, Juraj"]
[Result "1-0"]
[WhiteElo "2190"]
[BlackElo "1605"]
[PlyCount "111"]
[GameId "2160767911742128"]
[EventDate "1999.09.18"]
[EventType "swiss"]
[EventRounds "5"]
[EventCountry "CAN"]

1. e4 d5 2. exd5 Nf6 3. d4 Nxd5 4. c4 Nf6 5. Nc3 g6 6. h3 Bg7 7. Be3 O-O 8. Bd3 Nbd7 9. Qd2 Re8 10. Nge2 e5 11. d5 e4 12. Bc2 Ne5 13. b3 Bf5 14. Nd4 Bd7 15. O-O-O a6 16. Kb1 c5 17. Nde2 Qb6 18. Ng3 Nxc4 19. Qc1 Qb4 20. Nge2 Na3+ 21. Kb2 Nc4+ 22. Kb1 Na3+ 23. Kb2 Bb5 24. Nxb5 axb5 25. Bh6 Bh8 26. Qg5 Nxd5+ 27. Kc1 Nc3 28. Rd2 Nxa2+ 29. Kd1 Nc3+ 30. Ke1 Nxc2+ 31. Rxc2 Ra1+ 32. Nc1 e3 33. Qg4 Rxc1+ 34. Rxc1 Ne4+ 35. Kf1 e2+ 36. Qxe2 Ng3+ 37. fxg3 Rxe2 38. Kxe2 Qe4+ 39. Kf1 Bd4 40. Re1 Qf5+ 41. Ke2 f6 42. Kd2 Be5 43. Rhf1 Qd7+ 44. Kc2 Qd6 45. Rd1 Qc7 46. Rd5 c4 47. b4 Kf7 48. Rfd1 Ke6 49. Rd8 Qc6 50. R1d2 Bxg3 51. Re2+ Be5 52. Bf8 Kf7 53. Bc5 Qe6 54. g4 h5 55. Red2 c3 56. R2d7+ 1-0

[Event "Medicine Hat op"]
[Site "Medicine Hat CAN"]
[Date "1999.09.19"]
[Round "4"]
[White "Taylor, William"]
[Black "Ottosen, David"]
[Result "0-1"]
[WhiteElo "2000"]
[BlackElo "2190"]
[PlyCount "80"]
[GameId "2160767911742129"]
[EventDate "1999.09.18"]
[EventType "swiss"]
[EventRounds "5"]
[EventCountry "CAN"]

1. b3 e5 2. Bb2 Nc6 3. e3 f5 4. f4 d6 5. fxe5 Nxe5 6. Nf3 Qf6 7. Nc3 c6 8. Nxe5 dxe5 9. Bc4 Bd7 10. Qe2 O-O-O 11. O-O-O Nh6 12. a4 Bd6 13. h3 Qe7 14. Kb1 Nf7 15. d4 exd4 16. exd4 Qxe2 17. Bxe2 Rhe8 18. Bc4 Ng5 19. d5 Be5 20. Rhe1 Bg3 21. Rxe8 Rxe8 22. Ne2 Be5 23. Bxe5 Rxe5 24. Nc3 cxd5 25. Rxd5 Rxd5 26. Bxd5 Ne6 27. Ne2 Kc7 28. c3 b6 29. g3 Kd6 30. Bb7 Nc5 31. Bg2 Nxb3 32. Kb2 Bxa4 33. Ka3 Nc5 34. Nd4 Bd7 35. Bf3 Ne4 36. g4 Nxc3 37. Nxf5+ Bxf5 38. gxf5 Nb5+ 39. Kb4 Nd4 40. Be4 h6 0-1

[Event "Medicine Hat op"]
[Site "Medicine Hat CAN"]
[Date "1999.09.19"]
[Round "5"]
[White "Ottosen, David"]
[Black "Hughey, Micah"]
[Result "1-0"]
[WhiteElo "2190"]
[BlackElo "2130"]
[PlyCount "61"]
[GameId "2160767911742130"]
[EventDate "1999.09.18"]
[EventType "swiss"]
[EventRounds "5"]
[EventCountry "CAN"]

1. e4 e5 2. Nf3 Nc6 3. Bb5 a6 4. Ba4 Nf6 5. O-O Be7 6. Re1 b5 7. Bb3 O-O 8. c3 d6 9. d4 Bg4 10. Be3 Qd7 11. Nbd2 Rfe8 12. Bc2 Bf8 13. h3 Bh5 14. d5 Ne7 15. Bg5 c6 16. Bxf6 gxf6 17. Nxe5 Bxd1 18. Nxd7 Bxc2 19. Nxf6+ Kh8 20. Nxe8 Rxe8 21. Rac1 Bd3 22. Re3 Bc4 23. b3 Bh6 24. bxc4 Bxe3 25. fxe3 c5 26. cxb5 axb5 27. Rb1 Ra8 28. Rxb5 Rxa2 29. Nc4 Rc2 30. Rb3 Re2 31. Kf1 1-0

[Event "Mike Shpan mem"]
[Site "Winnipeg CAN"]
[Date "1999.11.02"]
[Round "1"]
[White "Czypinski, Jaroslaw"]
[Black "Weijs, Harry"]
[Result "1-0"]
[WhiteElo "1950"]
[BlackElo "1481"]
[PlyCount "43"]
[GameId "2160767911741920"]
[EventDate "1999.11.02"]
[EventType "swiss"]
[EventRounds "7"]
[EventCountry "CAN"]
[SourceTitle "EXT 2002"]
[Source "ChessBase"]
[SourceDate "2001.11.25"]
[SourceVersion "1"]
[SourceVersionDate "2001.11.25"]
[SourceQuality "1"]

1. e4 d5 2. exd5 Nf6 3. Bb5+ Nbd7 4. d4 a6 5. Bd3 Nxd5 6. Nf3 e6 7. O-O Be7 8. c4 Nb4 9. Nc3 Nxd3 10. Qxd3 Bf6 11. Ne4 h6 12. Nxf6+ Nxf6 13. Ne5 c6 14. b3 O-O 15. f4 Nd7 16. Ba3 Nxe5 17. fxe5 Re8 18. Rad1 b5 19. Rxf7 Kxf7 20. Qh7 Re7 21. Rf1+ Ke8 22. Rf8+ 1-0

[Event "Mike Shpan mem"]
[Site "Winnipeg CAN"]
[Date "1999.11.02"]
[Round "1"]
[White "Greenberg, Harley"]
[Black "Schulz, Waldemar"]
[Result "1/2-1/2"]
[WhiteElo "1690"]
[BlackElo "2085"]
[PlyCount "70"]
[GameId "2160767911741921"]
[EventDate "1999.11.02"]
[EventType "swiss"]
[EventRounds "7"]
[EventCountry "CAN"]
[SourceTitle "EXT 2002"]
[Source "ChessBase"]
[SourceDate "2001.11.25"]
[SourceVersion "1"]
[SourceVersionDate "2001.11.25"]
[SourceQuality "1"]

1. e4 c5 2. Nf3 e6 3. d4 cxd4 4. Nxd4 Nf6 5. Bd3 Qb6 6. Nb3 Nc6 7. Nc3 Bb4 8. O-O Bxc3 9. bxc3 d6 10. Ba3 Qc7 11. e5 Nxe5 12. Bxd6 Qxc3 13. Bb5+ Bd7 14. Qe2 Nc6 15. Rfd1 O-O-O 16. Rd3 Qb2 17. Rad1 Nd5 18. Bxc6 Bxc6 19. Be5 Qa3 20. Nd4 Qa6 21. Nxc6 Qxc6 22. Rd4 Nc3 23. Rxd8+ Rxd8 24. Rxd8+ Kxd8 25. Qd3+ Nd5 26. c4 f6 27. Bb2 Qa6 28. h3 Kc8 29. Qxh7 Qxc4 30. Qg8+ Kd7 31. Qxg7+ Kc6 32. Qf7 e5 33. Qe8+ Kb6 34. Qe6+ Kb5 35. Qd7+ Kb6 1/2-1/2

[Event "Mike Shpan mem"]
[Site "Winnipeg CAN"]
[Date "1999.11.02"]
[Round "1"]
[White "Hanrahan, Nigel"]
[Black "Khedkar, Jay"]
[Result "1/2-1/2"]
[WhiteElo "1672"]
[BlackElo "1950"]
[PlyCount "32"]
[GameId "2160767911741922"]
[EventDate "1999.11.02"]
[EventType "swiss"]
[EventRounds "7"]
[EventCountry "CAN"]
[SourceTitle "EXT 2002"]
[Source "ChessBase"]
[SourceDate "2001.11.25"]
[SourceVersion "1"]
[SourceVersionDate "2001.11.25"]
[SourceQuality "1"]

1. Nf3 Nf6 2. c4 e6 3. g3 d5 4. Bg2 c5 5. cxd5 exd5 6. d4 Nc6 7. Nc3 Be6 8. Bg5 cxd4 9. Nxd4 Bc5 10. Nxc6 bxc6 11. O-O O-O 12. Na4 Be7 13. Rc1 Rc8 14. Nc5 Nd7 15. Bxe7 Qxe7 16. Qd4 Nxc5 1/2-1/2

[Event "Mike Shpan mem"]
[Site "Winnipeg CAN"]
[Date "1999.11.02"]
[Round "1"]
[White "Sadov, Sergey"]
[Black "Moffat, Ron"]
[Result "1/2-1/2"]
[WhiteElo "2073"]
[BlackElo "1585"]
[PlyCount "131"]
[GameId "2160767911741923"]
[EventDate "1999.11.02"]
[EventType "swiss"]
[EventRounds "7"]
[EventCountry "CAN"]
[SourceTitle "EXT 2002"]
[Source "ChessBase"]
[SourceDate "2001.11.25"]
[SourceVersion "1"]
[SourceVersionDate "2001.11.25"]
[SourceQuality "1"]

1. d4 d5 2. c4 e6 3. Nc3 Nf6 4. Bf4 c6 5. e3 Qa5 6. Qd2 Bb4 7. f3 O-O 8. a3 Nbd7 9. Rc1 Be7 10. cxd5 exd5 11. Bd3 Nh5 12. Nge2 Qd8 13. Bg3 Bh4 14. O-O Qg5 15. Bxh4 Qxh4 16. Qe1 Qg5 17. Qf2 Re8 18. e4 dxe4 19. fxe4 Qf6 20. g4 Qxf2+ 21. Rxf2 Nhf6 22. h3 Nb6 23. Rcf1 Re7 24. g5 Nh5 25. Kh2 Be6 26. Ng3 Nxg3 27. Kxg3 Rd8 28. Ne2 Nc4 29. Rb1 Nb6 30. b3 Nd7 31. Bc2 f6 32. h4 fxg5 33. hxg5 Rf7 34. Nf4 Nf8 35. Rd1 Rfd7 36. Rfd2 Bf7 37. e5 Ne6 38. Bf5 Rxd4 39. Bxe6 Rxd2 40. Bxf7+ Kxf7 41. Rh1 Re8 42. e6+ Rxe6 43. Nxe6 Kxe6 44. Re1+ Kf7 45. Re3 Kg6 46. Kf4 Rd4+ 47. Ke5 Rd5+ 48. Ke6 h6 49. gxh6 gxh6 50. Rg3+ Kh5 51. a4 Kh4 52. Rg7 b6 53. Rxa7 Rd3 54. b4 Rd4 55. a5 Rxb4 56. a6 c5 57. Kd5 c4 58. Kd4 b5 59. Kc5 Rb3 60. Ra8 c3 61. Kb6 b4 62. Rc8 Ra3 63. Rc4+ Kg3 64. Rxb4 c2 65. Rc4 Kf2 66. Rxc2+ 1/2-1/2

[Event "Mike Shpan mem"]
[Site "Winnipeg CAN"]
[Date "1999.11.09"]
[Round "2"]
[White "Gibson, Kris"]
[Black "Czypinski, Jaroslaw"]
[Result "1/2-1/2"]
[WhiteElo "1832"]
[BlackElo "1950"]
[PlyCount "127"]
[GameId "2160767911741924"]
[EventDate "1999.11.02"]
[EventType "swiss"]
[EventRounds "7"]
[EventCountry "CAN"]
[SourceTitle "EXT 2002"]
[Source "ChessBase"]
[SourceDate "2001.11.25"]
[SourceVersion "1"]
[SourceVersionDate "2001.11.25"]
[SourceQuality "1"]

1. e4 d5 2. exd5 Nf6 3. c4 e6 4. dxe6 Bxe6 5. d4 Bb4+ 6. Nc3 Qe7 7. Be3 Ng4 8. Qf3 O-O 9. h3 Nxe3 10. fxe3 Bxc3+ 11. bxc3 Qa3 12. e4 Qb2 13. Rd1 Qxa2 14. d5 Bd7 15. Bd3 Ba4 16. Rc1 Qb2 17. Ne2 Nd7 18. O-O Ne5 19. Qg3 Qb6+ 20. Nd4 Nxd3 21. Qxd3 Qg6 22. Nf5 Rae8 23. Rf3 Bd7 24. Rcf1 Bxf5 25. Rxf5 Qb6+ 26. Kh1 f6 27. Rb1 Qa6 28. Qd4 b6 29. Rbf1 Qc8 30. c5 bxc5 31. Qxc5 Rxe4 32. Qxa7 Rfe8 33. Qf2 Re2 34. Qg3 R2e3 35. R5f3 Rxf3 36. Qxf3 Qa6 37. Rb1 Qa3 38. Qh5 Qe7 39. c4 Qe4 40. Rb7 Ra8 41. Qd1 Qxc4 42. d6 Rd8 43. Qe1 cxd6 44. Rxg7+ Kxg7 45. Qe7+ Kg6 46. Qxd8 Qe6 47. Qb6 Qe1+ 48. Kh2 d5 49. Qc6 Qe5+ 50. Kg1 Qe3+ 51. Kf1 d4 52. Qc4 Qf4+ 53. Kg1 Qe3+ 54. Kf1 d3 55. Qg8+ Kh6 56. Qf8+ Kg5 57. Qg7+ Kf4 58. Qxf6+ Kg3 59. Qd6+ Qf4+ 60. Qxf4+ Kxf4 61. Kf2 h5 62. g3+ Ke4 63. g4 hxg4 64. hxg4 1/2-1/2

[Event "Mike Shpan mem"]
[Site "Winnipeg CAN"]
[Date "1999.11.09"]
[Round "2"]
[White "Greenberg, Harley"]
[Black "Sadov, Sergey"]
[Result "1/2-1/2"]
[WhiteElo "1690"]
[BlackElo "2073"]
[PlyCount "24"]
[GameId "2160767911741925"]
[EventDate "1999.11.02"]
[EventType "swiss"]
[EventRounds "7"]
[EventCountry "CAN"]
[SourceTitle "EXT 2002"]
[Source "ChessBase"]
[SourceDate "2001.11.25"]
[SourceVersion "1"]
[SourceVersionDate "2001.11.25"]
[SourceQuality "1"]

1. e4 e5 2. Nf3 Nc6 3. d4 exd4 4. Nxd4 Bc5 5. Nxc6 Qf6 6. Qe2 Qxc6 7. Nc3 Ne7 8. Be3 Bb4 9. Bd4 O-O 10. O-O-O Qe6 11. Qe3 Nc6 12. Nd5 Ba5 1/2-1/2

[Event "Mike Shpan mem"]
[Site "Winnipeg CAN"]
[Date "1999.11.16"]
[Round "3"]
[White "Czypinski, Jaroslaw"]
[Black "Klokow, John"]
[Result "1-0"]
[WhiteElo "1950"]
[BlackElo "1719"]
[PlyCount "39"]
[GameId "2160767911741926"]
[EventDate "1999.11.02"]
[EventType "swiss"]
[EventRounds "7"]
[EventCountry "CAN"]
[SourceTitle "EXT 2002"]
[Source "ChessBase"]
[SourceDate "2001.11.25"]
[SourceVersion "1"]
[SourceVersionDate "2001.11.25"]
[SourceQuality "1"]

1. e4 e5 2. Nf3 Nc6 3. Bb5 f5 4. d4 fxe4 5. Nxe5 Nf6 6. Bg5 Be7 7. Nc3 O-O 8. Bxf6 gxf6 9. Bc4+ d5 10. Bxd5+ Kg7 11. Nxc6 bxc6 12. Bxe4 Qe8 13. O-O f5 14. Bf3 Qg6 15. Qe2 Bd6 16. Bxc6 Qh6 17. f4 Be6 18. Bxa8 Rxa8 19. Qf3 Rg8 20. Nb5 1-0

[Event "Mike Shpan mem"]
[Site "Winnipeg CAN"]
[Date "1999.11.16"]
[Round "3"]
[White "Sadov, Sergey"]
[Black "Gibson, Kris"]
[Result "1-0"]
[WhiteElo "2073"]
[BlackElo "1832"]
[PlyCount "45"]
[GameId "2160767911741927"]
[EventDate "1999.11.02"]
[EventType "swiss"]
[EventRounds "7"]
[EventCountry "CAN"]
[SourceTitle "EXT 2002"]
[Source "ChessBase"]
[SourceDate "2001.11.25"]
[SourceVersion "1"]
[SourceVersionDate "2001.11.25"]
[SourceQuality "1"]

1. d4 d5 2. c4 e6 3. Nc3 c6 4. cxd5 exd5 5. Bf4 Nf6 6. e3 Bf5 7. Bd3 Bg6 8. h4 Nbd7 9. h5 Bxd3 10. Qxd3 Rc8 11. Nge2 a6 12. Ng3 c5 13. O-O c4 14. Qe2 Be7 15. Qf3 Nb6 16. a4 Qd7 17. a5 Na8 18. Be5 Nc7 19. Nf5 O-O 20. h6 Rfd8 21. hxg7 Nce8 22. Nxd5 Nxg7 23. Nfxe7+ 1-0

[Event "Mike Shpan mem"]
[Site "Winnipeg CAN"]
[Date "1999.11.16"]
[Round "3"]
[White "Trueman, Francis"]
[Black "Khedkar, Jay"]
[Result "0-1"]
[WhiteElo "1518"]
[BlackElo "1950"]
[PlyCount "65"]
[GameId "2160767911741928"]
[EventDate "1999.11.02"]
[EventType "swiss"]
[EventRounds "7"]
[EventCountry "CAN"]
[SourceTitle "EXT 2002"]
[Source "ChessBase"]
[SourceDate "2001.11.25"]
[SourceVersion "1"]
[SourceVersionDate "2001.11.25"]
[SourceQuality "1"]

1. Nf3 Nf6 2. d3 c5 3. g3 Nc6 4. Bg2 d5 5. O-O e6 6. Nbd2 Be7 7. Re1 O-O 8. c3 Rb8 9. e4 dxe4 10. dxe4 b5 11. Qe2 Qb6 12. Nf1 Rd8 13. Bf4 Rb7 14. e5 Nd5 15. Bg5 Rbd7 16. Ne3 Ba6 17. Nxd5 exd5 18. e6 fxe6 19. Qxe6+ Kh8 20. Ne5 Nxe5 21. Qxb6 axb6 22. Bxe7 Rxe7 23. f4 Ng6 24. Red1 Bb7 25. a4 Re2 26. axb5 Kg8 27. c4 Ne7 28. g4 Rxb2 29. Re1 Kf7 30. f5 Rd7 31. Re6 dxc4 32. Bxb7 Rxb7 33. Rae1 0-1

[Event "Mike Shpan mem"]
[Site "Winnipeg CAN"]
[Date "1999.11.23"]
[Round "4"]
[White "Gibson, Kris"]
[Black "Hanrahan, Nigel"]
[Result "0-1"]
[WhiteElo "1832"]
[BlackElo "1672"]
[PlyCount "126"]
[GameId "2160767911741929"]
[EventDate "1999.11.02"]
[EventType "swiss"]
[EventRounds "7"]
[EventCountry "CAN"]
[SourceTitle "EXT 2002"]
[Source "ChessBase"]
[SourceDate "2001.11.25"]
[SourceVersion "1"]
[SourceVersionDate "2001.11.25"]
[SourceQuality "1"]

1. e4 c6 2. Nc3 d5 3. Nf3 dxe4 4. Nxe4 Nf6 5. Nxf6+ exf6 6. d4 Bg4 7. Be2 Bb4+ 8. c3 Bd6 9. d5 Qc7 10. Nd4 Bxe2 11. Qxe2+ Qe7 12. Qxe7+ Bxe7 13. Nf5 g6 14. Ng7+ Kd7 15. dxc6+ Nxc6 16. Bh6 Rad8 17. O-O-O+ Kc8 18. Rxd8+ Rxd8 19. Kc2 Ne5 20. f3 b5 21. Re1 Bf8 22. Rd1 Rxd1 23. Kxd1 Bxg7 24. Bxg7 Nd7 25. h4 Kd8 26. f4 Ke7 27. g4 a6 28. b3 Ke6 29. Ke2 h5 30. gxh5 gxh5 31. Ke3 Kf5 32. Bh8 Kg6 33. Ke4 Kh7 34. Bxf6 Nxf6+ 35. Kf5 Nd5 36. c4 bxc4 37. bxc4 Ne3+ 38. Kf6 Nxc4 39. Kxf7 Ne3 40. Kf6 Kh6 41. f5 Ng2 42. Ke5 Nxh4 43. Kf4 a5 44. a4 Ng2+ 45. Ke5 Kg5 46. f6 Nf4 47. f7 Ng6+ 48. Kd5 h4 49. Kc5 h3 50. Kb5 h2 51. Kxa5 h1=Q 52. Kb5 Qb7+ 53. Ka5 Qa7+ 54. Kb5 Kf6 55. a5 Kxf7 56. a6 Ke6 57. Ka5 Kd5 58. Kb5 Ne7 59. Ka5 Kc5 60. Ka4 Kc4 61. Ka3 Kc3 62. Ka2 Qb6 63. a7 Qb2# 0-1

[Event "Mike Shpan mem"]
[Site "Winnipeg CAN"]
[Date "1999.11.23"]
[Round "4"]
[White "Khedkar, Jay"]
[Black "Greenberg, Harley"]
[Result "0-1"]
[WhiteElo "1950"]
[BlackElo "1690"]
[PlyCount "68"]
[GameId "2160767911741930"]
[EventDate "1999.11.02"]
[EventType "swiss"]
[EventRounds "7"]
[EventCountry "CAN"]
[SourceTitle "EXT 2002"]
[Source "ChessBase"]
[SourceDate "2001.11.25"]
[SourceVersion "1"]
[SourceVersionDate "2001.11.25"]
[SourceQuality "1"]

1. e4 c5 2. Nf3 Nc6 3. Nc3 d6 4. d4 cxd4 5. Nxd4 e5 6. Ndb5 a6 7. Na3 Nf6 8. Bg5 Be6 9. Nd5 Bxd5 10. exd5 Qa5+ 11. c3 Nxd5 12. Nc4 Qc5 13. b4 Ndxb4 14. cxb4 Nxb4 15. Be3 Qc6 16. Rc1 Nxa2 17. Na5 Qd7 18. Rc4 b5 19. Re4 Nc3 20. Qf3 Nxe4 21. Qxe4 Rc8 22. f4 Qc7 23. Bd2 g6 24. Bd3 Bg7 25. O-O O-O 26. f5 Qb6+ 27. Kh1 d5 28. Qh4 Qd4 29. Qxd4 exd4 30. f6 Bh8 31. Bb4 Rfe8 32. Nb7 Re3 33. Nd6 Rc6 34. Nb7 Rxd3 0-1

[Event "Mike Shpan mem"]
[Site "Winnipeg CAN"]
[Date "1999.11.23"]
[Round "4"]
[White "Klokow, John"]
[Black "Schulz, Waldemar"]
[Result "1-0"]
[WhiteElo "1719"]
[BlackElo "2085"]
[PlyCount "61"]
[GameId "2160767911741931"]
[EventDate "1999.11.02"]
[EventType "swiss"]
[EventRounds "7"]
[EventCountry "CAN"]
[SourceTitle "EXT 2002"]
[Source "ChessBase"]
[SourceDate "2001.11.25"]
[SourceVersion "1"]
[SourceVersionDate "2001.11.25"]
[SourceQuality "1"]

1. e4 g6 2. d4 Bg7 3. f4 d6 4. Nc3 c5 5. Nf3 cxd4 6. Nxd4 Qb6 7. Nb3 Be6 8. Nd5 Bxd5 9. Qxd5 Nf6 10. Qb5+ Nfd7 11. c3 Nc6 12. Qxb6 Nxb6 13. Be3 Nd7 14. Be2 O-O 15. Rd1 Nf6 16. Bf3 Bh6 17. g4 Bg7 18. g5 Ne8 19. h4 h5 20. Rh2 Nc7 21. Rhd2 Rfe8 22. f5 Ne5 23. Be2 Bf8 24. Na5 b6 25. Nc4 Nc6 26. Bf3 Ne5 27. Nxe5 dxe5 28. Be2 Kg7 29. Rd7 Rec8 30. Bc4 Rab8 31. f6+ 1-0